The Drucker Difference : What the world's greatest management thinker means to today's business leaders

The Drucker Difference casts new light on Drucker’s business philosophy, analyzing his most important ideas in the context of today’s business world. Through individual contributions by professors from The Peter F. Drucker and Masatoshi Ito Graduate School of Management, it combines expert insight a...

Descrición completa

Gardado en:
Detalles Bibliográficos
Autor Principal: Pearce, Craig L.
Formato: Libro
Idioma:Undetermined
Publicado: New York McGraw-Hill 2010
Những chủ đề:
Các nhãn: Engadir etiqueta
Sen Etiquetas, Sexa o primeiro en etiquetar este rexistro!
Thư viện lưu trữ: Trung tâm Học liệu Trường Đại học Cần Thơ
LEADER 01082nam a2200217Ia 4500
001 CTU_154847
008 210402s9999 xx 000 0 und d
020 |c 527000 
082 |a 658 
082 |b P359 
100 |a Pearce, Craig L. 
245 4 |a The Drucker Difference : 
245 0 |b What the world's greatest management thinker means to today's business leaders 
245 0 |c Craig L. Pearce, Joseph A. Maciariello, Hideki Yamawaki 
260 |a New York 
260 |b McGraw-Hill 
260 |c 2010 
520 |a The Drucker Difference casts new light on Drucker’s business philosophy, analyzing his most important ideas in the context of today’s business world. Through individual contributions by professors from The Peter F. Drucker and Masatoshi Ito Graduate School of Management, it combines expert insight and current scholarship to reveal how organizations and executives can interpret and apply Drucker’s timeless ideas. 
650 |a Business,Industrial management,Leadership 
904 |i Năm 
980 |a Trung tâm Học liệu Trường Đại học Cần Thơ